K novele zákona o konkurze a vyrovnaní s nádejou a obavou.

Od 1.6.1993 v platnosti novelizácia zákona č. 328/1991 Zb. o konkurze a vyrovnaní. Prejavy platobnej neschopnosti slovenských podnikov: záväzky nesplatené v dohodnutej lehote, úvery nesplatené v lehote. Prvotná a druhotná platobná neschopnosť. Príčiny vzniku. Dohadovacie konanie - vytvorenie časovéh...

ver descrição completa

Na minha lista:
Detalhes bibliográficos
Autor principal: Alexy, Július, 1926-2024
Formato: Capítulo de Livro
Idioma:eslovaco
Assuntos:
Tags: Adicionar Tag
Sem tags, seja o primeiro a adicionar uma tag!

MARC

LEADER 00000naa a2200000 4500
001 r013732
005 20221213123612.3
041 0 |a slo 
044 |a SK 
245 1 0 |a K novele zákona o konkurze a vyrovnaní s nádejou a obavou.  |c J. Alexy 
520 |a Od 1.6.1993 v platnosti novelizácia zákona č. 328/1991 Zb. o konkurze a vyrovnaní. Prejavy platobnej neschopnosti slovenských podnikov: záväzky nesplatené v dohodnutej lehote, úvery nesplatené v lehote. Prvotná a druhotná platobná neschopnosť. Príčiny vzniku. Dohadovacie konanie - vytvorenie časového priestoru pre dlžníka, aby si svoju nepriaznivú situáciu riešil podnikateľským zámerom. Mechanizmus dohadovacieho konania. Vyhlásenie konkurzu, jeho dôsledky. Nútené vyrovnanie. 
610 2 0 |a zákony 
610 2 0 |a konkurzy 
610 2 0 |a bankrot 
610 2 0 |a Slovensko 
610 2 0 |a 1991 
610 2 0 |a 1993 
610 2 0 |a insolventnosť 
610 2 0 |a zadlženosť 
610 2 0 |a podnik 
100 1 |a Alexy, Július, 1926-2024